Countries ever been colonized by the UK - Statistics

General Stats
  • This quiz has been taken 138 times
    130 since last reset
  • The average score is 46 of 69
Answer Stats
United Kingdom % Correct
United States
98%
Canada
95%
India
93%
Australia
90%
South Africa
88%
New Zealand
87%
Ireland
86%
Egypt
81%
Iraq
79%
Pakistan
79%
Kenya
75%
Bangladesh
74%
China(part)
74%
Jamaica
74%
The Bahamas
74%
Israel
73%
Nigeria
72%
Sudan
72%
Zimbabwe
72%
Oman
71%
Uganda
71%
Zambia
70%
Antigua and Barbuda
68%
Barbados
68%
Fiji
68%
Ghana
68%
Papua New Guinea
68%
Saint Kitts and Nevis
68%
Singapore
68%
Somalia(Somaliland)
68%
South Sudan
68%
United Arab Emirates
68%
Yemen(South Yemen)
68%
Malaysia
67%
Saint Lucia
67%
Lesotho
66%
Solomon Islands
66%
Tanzania
65%
Tonga
65%
Trinidad and Tobago
65%
Kiribati
64%
Sri Lanka
64%
Tuvalu
64%
Vanuatu
64%
Belize
63%
Jordan
63%
Qatar
63%
Saint Vincent and the Grenadies
63%
Eswatini
62%
Kuwait
62%
Myanmar
62%
Nauru
61%
Guyana
60%
Botswana
59%
Samoa
59%
Seychelles
58%
The Gambia
58%
Cyprus
57%
Malawi
57%
Malta
56%
Bahrain
55%
Dominica
55%
Brunei
54%
Maldives
54%
Libya
53%
Mauritius
53%
Sierra Leone
53%
Grenada
50%
Afganistan
8%
No matching quizzes found
Score Distribution
Percent of People with Each Score
Percentile by Number Answered
Your Score History
You have not taken this quiz since the last reset